[Event "32nd Cappelle Open 2016"]
[Site "Cappelle la Grande FRA"]
[Date "2016.02.15"]
[Round "3.2"]
[White "Bauer, Christian"]
[Black "Vishnu Prasanna, V."]
[Result "1/2-1/2"]
[WhiteElo "2631"]
[BlackElo "2526"]
[PlyCount "116"]
[EventDate "2016.02.13"]
[EventType "swiss"]

1. b3 Nf6 2. Bb2 g6 3. Bxf6 exf6 4. c4 d5 5. cxd5 Qxd5 6. e3 Bg7 7. Nc3 Qd8 8.
Rc1 c5 9. Na4 Nd7 10. Nxc5 Qa5 11. Na4 O-O 12. Nf3 b5 13. Nc3 a6 14. a4 bxa4
15. Nxa4 Bb7 16. Be2 Rad8 17. O-O f5 18. d4 f4 19. b4 Qd5 20. exf4 Qd6 21. Qd2
Bc6 22. Nc5 Nb8 23. Rfd1 Rfe8 24. Ne5 Bxe5 25. fxe5 Rxe5 26. dxe5 Qxd2 27. Rxd2
Rxd2 28. Bxa6 Nxa6 29. Nxa6 Rb2 30. f3 Bb7 31. Nc5 Rxb4 32. Nd7 Kg7 33. Nf6 g5
34. Rc7 Kg6 35. Ng8 g4 36. fxg4 Rb1+ 37. Kf2 Rb2+ 38. Ke3 Rb3+ 39. Kd4 Bxg2 40.
Nf6 Rb4+ 41. Kc5 Rb2 42. h4 Rc2+ 43. Kd6 Rxc7 44. Kxc7 h6 45. Kd6 Bf3 46. Kc5
Bd1 47. Kd4 Kg7 48. Ke4 Bc2+ 49. Kf4 Bb1 50. Ne8+ Kf8 51. Nd6 Kg7 52. g5 hxg5+
53. Kxg5 Bc2 54. Nf5+ Kh7 55. Nd6 Bb3 56. Ne8 Ba2 57. Nf6+ Kg7 58. h5 Bb1
1/2-1/2

[Event "32nd Cappelle Open 2016"]
[Site "Cappelle la Grande FRA"]
[Date "2016.02.15"]
[Round "3.3"]
[White "Gopal, G.N."]
[Black "Iturrizaga Bonelli, Eduardo"]
[Result "1-0"]
[WhiteElo "2522"]
[BlackElo "2624"]
[PlyCount "67"]
[EventDate "2016.02.13"]
[EventType "swiss"]

1. e4 c6 2. d4 d5 3. e5 Bf5 4. Nf3 e6 5. Be2 Nd7 6. O-O h6 7. Nbd2 Ne7 8. Nb3
g5 9. Ne1 Bg7 10. Nd3 Qc7 11. f4 O-O-O 12. Ndc5 Nxc5 13. Nxc5 Ng6 14. Bd3 Bxd3
15. Nxd3 f6 16. exf6 Bxf6 17. c3 Rde8 18. Bd2 Qg7 19. Qe2 gxf4 20. Bxf4 Rhg8
21. Rae1 Nh4 22. g3 Nf5 23. Nc5 Qg6 24. Qd3 h5 25. Rxe6 Bxd4+ 26. cxd4 Rxe6 27.
Nxe6 Qxe6 28. Be5 Rf8 29. Qa3 Qh6 30. Bf4 Qg7 31. Be5 Qh6 32. Rf4 a6 33. Qc5
Rf7 34. Qa7 1-0

[Event "32nd Cappelle Open 2016"]
[Site "Cappelle la Grande FRA"]
[Date "2016.02.15"]
[Round "3.4"]
[White "Kveinys, Aloyzas"]
[Black "Lu, Shanglei"]
[Result "1/2-1/2"]
[WhiteElo "2524"]
[BlackElo "2617"]
[PlyCount "74"]
[EventDate "2016.02.13"]
[EventType "swiss"]

1. d4 f5 2. Nc3 Nf6 3. Bg5 d5 4. e3 g6 5. Nf3 Bg7 6. Bf4 a6 7. Bd3 O-O 8. O-O
Kh8 9. Ne2 Be6 10. Be5 Bg8 11. h3 Nbd7 12. Bh2 c5 13. c3 Ne4 14. a4 Rc8 15. a5
Qe8 16. Bc2 Qd8 17. Ba4 Ndf6 18. Ne5 Nd6 19. Nd3 cxd4 20. exd4 Nc4 21. Nef4 g5
22. Nh5 Nxh5 23. Qxh5 e6 24. Rfe1 Bf7 25. Qe2 f4 26. h4 f3 27. Qxf3 Bg6 28. Qe2
Bxd3 29. Qxd3 Nxb2 30. Qe3 Nxa4 31. Rxa4 gxh4 32. Rb4 Qxa5 33. Rxb7 Rxc3 34.
Qxe6 Rc6 35. Qe3 Qd8 36. Be5 Bxe5 37. Qxe5+ Qf6 1/2-1/2

[Event "32nd Cappelle Open 2016"]
[Site "Cappelle la Grande FRA"]
[Date "2016.02.15"]
[Round "3.5"]
[White "Ulybin, Mikhail"]
[Black "Neiksans, Arturs"]
[Result "1/2-1/2"]
[WhiteElo "2519"]
[BlackElo "2607"]
[PlyCount "99"]
[EventDate "2016.02.13"]
[EventType "swiss"]

1. e4 c5 2. Nf3 e6 3. c3 Nf6 4. e5 Nd5 5. d4 cxd4 6. cxd4 d6 7. Bc4 Be7 8. O-O
O-O 9. Qe2 b6 10. Nc3 Nxc3 11. bxc3 Bb7 12. exd6 Qxd6 13. Ne5 Nd7 14. f4 Rac8
15. Bb2 g6 16. a4 Qc7 17. Bb3 Nf6 18. Rae1 Ne4 19. Rf3 Bf6 20. Re3 Nd6 21. Ba3
Nf5 22. Rh3 Rfe8 23. Ng4 Bg7 24. d5 Bxd5 25. Bxd5 h5 26. Nf2 exd5 27. Qxe8+
Rxe8 28. Rxe8+ Kh7 29. g4 Qc6 30. Rd8 Qxa4 31. gxf5 Qxa3 32. Rd7 Kg8 33. fxg6
fxg6 34. Rg3 Qa4 35. Rb7 Qa6 36. Rc7 Kf8 37. Rxg6 Bxc3 38. Rd6 Ke8 39. Rg6 Kf8
40. Rd6 Ke8 41. Rdd7 Bd4 42. Re7+ Kf8 43. Rf7+ Kg8 44. Rfd7 Bc5 45. Rg7+ Kf8
46. Rcf7+ Ke8 47. Rxa7 Qc8 48. Rg8+ Bf8 49. Kg2 d4 50. Rh7 1/2-1/2

[Event "32nd Cappelle Open 2016"]
[Site "Cappelle la Grande FRA"]
[Date "2016.02.15"]
[Round "3.6"]
[White "Troff, Kayden W"]
[Black "Perez Ponsa, Federico"]
[Result "1/2-1/2"]
[WhiteElo "2511"]
[BlackElo "2586"]
[PlyCount "90"]
[EventDate "2016.02.13"]
[EventType "swiss"]

1. d4 Nf6 2. c4 g6 3. Nc3 Bg7 4. e4 d6 5. Nf3 O-O 6. Be2 e5 7. O-O Nc6 8. d5
Ne7 9. Nd2 Ne8 10. b4 f5 11. f3 Nf6 12. c5 f4 13. Nc4 g5 14. a4 Ng6 15. cxd6
cxd6 16. Nb5 Ne8 17. Bd2 Rf7 18. Be1 Bd7 19. Bf2 Qb8 20. Rc1 Bf6 21. Qb3 Bd8
22. Na5 Nf8 23. Bc4 Bxa5 24. bxa5 g4 25. Be2 h5 26. Qc3 Qd8 27. Nxd6 Nxd6 28.
Qxe5 Ne8 29. fxg4 hxg4 30. Bd4 Ng7 31. Qd6 Qg5 32. e5 Re8 33. Bd3 f3 34. e6
Bxe6 35. dxe6 Rxe6 36. Qc5 Qd2 37. Qc2 Qxc2 38. Bxc2 Nf5 39. Bc5 Ne3 40. Bb3
Nxf1 41. Rxf1 Re5 42. Bxf7+ Kxf7 43. Bxf8 Kxf8 44. gxf3 gxf3 45. Rxf3+ Kg8
1/2-1/2

[Event "32nd Cappelle Open 2016"]
[Site "Cappelle la Grande FRA"]
[Date "2016.02.15"]
[Round "3.7"]
[White "Dragun, Kamil"]
[Black "Ben Artzi, Ido"]
[Result "1-0"]
[WhiteElo "2584"]
[BlackElo "2417"]
[PlyCount "91"]
[EventDate "2016.02.13"]
[EventType "swiss"]

1. d4 d6 2. Nf3 g6 3. c4 Bg7 4. Nc3 Nc6 5. d5 Ne5 6. Nxe5 Bxe5 7. e4 Nf6 8. Bd3
O-O 9. O-O c6 10. h3 a6 11. Be3 cxd5 12. exd5 Bd7 13. a4 e6 14. dxe6 Bxe6 15.
f4 Bxc3 16. bxc3 Rc8 17. Bd4 Nd7 18. Qb1 f5 19. Qxb7 a5 20. Rfe1 Bf7 21. Rad1
Qc7 22. Qf3 Nc5 23. Qg3 Qd7 24. Qg5 Ne6 25. Bxf5 Nxg5 26. Bxd7 Rc7 27. Bb5 Ne6
28. Bb6 Rb7 29. Rxd6 Nc7 30. Bxa5 Nxb5 31. cxb5 Ra8 32. Rd8+ Rxd8 33. Bxd8 Bb3
34. b6 Bxa4 35. Bc7 Kf7 36. g4 h5 37. Kf2 hxg4 38. hxg4 Bd7 39. Kg3 Bb5 40. Kh4
Kf6 41. Re5 Bc6 42. Kg3 Bh1 43. Kf2 Bc6 44. Ke3 Bd7 45. g5+ Kf7 46. Ke4 1-0

[Event "32nd Cappelle Open 2016"]
[Site "Cappelle la Grande FRA"]
[Date "2016.02.15"]
[Round "3.8"]
[White "Riff, Jean-Noel"]
[Black "Danin, Alexandre"]
[Result "1/2-1/2"]
[WhiteElo "2505"]
[BlackElo "2570"]
[PlyCount "55"]
[EventDate "2016.02.13"]
[EventType "swiss"]

1. e4 e5 2. Nf3 Nc6 3. Bb5 Nf6 4. d3 Bc5 5. Nbd2 Nd4 6. Nxd4 Bxd4 7. c3 Bb6 8.
Nc4 O-O 9. Nxb6 axb6 10. Bc4 d5 11. exd5 Nxd5 12. O-O Be6 13. Re1 Qd6 14. Qe2
Rfe8 15. Bd2 f6 16. Rad1 c6 17. Bb3 Nc7 18. Be3 Bxb3 19. axb3 Nd5 20. Ra1 b5
21. b4 Red8 22. Rxa8 Rxa8 23. h3 Qd7 24. Bc1 Qf5 25. Rd1 Ra1 26. Be3 Rxd1+ 27.
Qxd1 h5 28. Qe2 1/2-1/2

[Event "32nd Cappelle Open 2016"]
[Site "Cappelle la Grande FRA"]
[Date "2016.02.15"]
[Round "3.9"]
[White "Tsatsalashvili, Keti"]
[Black "Burmakin, Vladimir"]
[Result "0-1"]
[WhiteElo "2243"]
[BlackElo "2556"]
[PlyCount "118"]
[EventDate "2016.02.13"]
[EventType "swiss"]

1. d4 d5 2. c4 c6 3. cxd5 cxd5 4. Nc3 Nf6 5. Bf4 e6 6. e3 a6 7. Nf3 Bd6 8. Bxd6
Qxd6 9. Bd3 Nbd7 10. O-O O-O 11. Rc1 h6 12. Qe2 Rd8 13. Na4 Rb8 14. Qc2 e5 15.
dxe5 Nxe5 16. Nxe5 Qxe5 17. Qc7 Qxc7 18. Rxc7 Kf8 19. Rfc1 Ne8 20. R7c5 b5 21.
Nc3 d4 22. exd4 Rxd4 23. Rd5 Rxd5 24. Nxd5 Bb7 25. Nc3 Rd8 26. Be4 Bc8 27. b4
Rd4 28. f3 Rxb4 29. Nxb5 Be6 30. Nc3 Nf6 31. Bd3 a5 32. Kf2 Nd7 33. Ke3 Nc5 34.
Bc2 Rb2 35. Kd4 Nd7 36. a3 g5 37. g3 Nb6 38. f4 f6 39. Rb1 Rxc2 40. Rxb6 Kf7
41. Ne4 gxf4 42. gxf4 f5 43. Rb7+ Kg6 44. Nc5 Rc4+ 45. Ke5 Rxc5+ 46. Kxe6 Rc4
47. Rb5 Re4+ 48. Kd5 a4 49. Rb8 Rxf4 50. Rg8+ Kf6 51. Rf8+ Kg5 52. Rg8+ Kh4 53.
Ke5 Rf2 54. Ra8 Kg4 55. Rxa4+ f4 56. Re4 Rf3 57. a4 Re3 58. Kd5 Kf5 59. Rb4 f3
0-1

[Event "32nd Cappelle Open 2016"]
[Site "Cappelle la Grande FRA"]
[Date "2016.02.15"]
[Round "3.10"]
[White "Kamsky, Gata"]
[Black "Castellanos Rodriguez, Renier"]
[Result "1-0"]
[WhiteElo "2667"]
[BlackElo "2478"]
[PlyCount "73"]
[EventDate "2016.02.13"]
[EventType "swiss"]

1. d4 Nf6 2. Bf4 e6 3. e3 b6 4. Nf3 Bb7 5. Nbd2 Be7 6. h3 c5 7. c3 Nc6 8. Bd3
O-O 9. O-O d5 10. Qe2 h6 11. Rad1 Bd6 12. Bxd6 Qxd6 13. e4 Qc7 14. e5 Nd7 15.
Qe3 a5 16. Bb1 Ba6 17. Rfe1 Rfc8 18. a3 Ne7 19. Nh2 Qd8 20. g4 Ra7 21. f4 Rac7
22. Ndf3 cxd4 23. cxd4 Bb5 24. Qf2 Ba4 25. Rd2 Rc1 26. Kg2 Qc7 27. Bd3 Rxe1 28.
Nxe1 Qc1 29. Nhf3 Bd1 30. f5 Nc6 31. Kg3 Nd8 32. g5 Bxf3 33. Nxf3 hxg5 34. Nxg5
Nf8 35. f6 g6 36. Nf3 a4 37. Qe3 1-0

[Event "32nd Cappelle Open 2016"]
[Site "Cappelle la Grande FRA"]
[Date "2016.02.15"]
[Round "3.11"]
[White "Battaglini, Gabriel"]
[Black "Kravtsiv, Martyn"]
[Result "0-1"]
[WhiteElo "2450"]
[BlackElo "2636"]
[PlyCount "120"]
[EventDate "2016.02.13"]
[EventType "swiss"]

1. d4 Nf6 2. c4 e6 3. Nc3 Bb4 4. Nf3 b6 5. e3 O-O 6. Bd3 d5 7. cxd5 exd5 8. O-O
Bb7 9. a3 Bd6 10. b4 Nbd7 11. Qb3 a6 12. Re1 Qe7 13. Ra2 Rab8 14. e4 dxe4 15.
Rae2 Qe6 16. Qxe6 fxe6 17. Nxe4 Nxe4 18. Bxe4 Bd5 19. Bg5 Bc4 20. Rc2 b5 21.
Nd2 Bd5 22. Nf3 Bc4 23. Nd2 Bd5 24. Nf3 Rfe8 25. Ne5 Bxe5 26. dxe5 Bxe4 27.
Rxe4 Rbc8 28. Be3 Nb6 29. Rc6 Nd5 30. Rxa6 Ra8 31. Ra5 Rxa5 32. bxa5 Ra8 33.
Bd2 c5 34. g3 Kf7 35. Re1 c4 36. Rc1 Ke8 37. a4 c3 38. Bxc3 Nxc3 39. Rxc3 bxa4
40. Ra3 Rxa5 41. Kf1 Kd7 42. Ke2 Rxe5+ 43. Kd3 Ra5 44. Kc4 e5 45. Kb4 Ra7 46.
Rd3+ Ke6 47. Ka3 g5 48. Rc3 Kf5 49. h3 h5 50. Rf3+ Ke4 51. Re3+ Kd4 52. Rf3 g4
53. Rf5 gxh3 54. Rxh5 Rf7 55. f4 e4 56. f5 e3 57. Rh4+ Kd3 58. g4 e2 59. Rxh3+
Kd2 60. Rh2 Kd1 0-1

[Event "32nd Cappelle Open 2016"]
[Site "Cappelle la Grande FRA"]
[Date "2016.02.15"]
[Round "3.12"]
[White "Sasikiran, Krishnan"]
[Black "Moussard, Jules"]
[Result "1/2-1/2"]
[WhiteElo "2632"]
[BlackElo "2487"]
[PlyCount "53"]
[EventDate "2016.02.13"]
[EventType "swiss"]

1. d4 Nf6 2. c4 b6 3. Nc3 Bb7 4. Qc2 d5 5. cxd5 Nxd5 6. Nf3 g6 7. e4 Nxc3 8.
bxc3 Bg7 9. Bb5+ c6 10. Be2 O-O 11. h4 c5 12. d5 Re8 13. h5 e6 14. hxg6 hxg6
15. Bh6 Bxh6 16. Rxh6 exd5 17. e5 Nc6 18. Rxg6+ fxg6 19. Qxg6+ Kf8 20. Qh6+ Kg8
21. Qg6+ Kf8 22. Ng5 Nxe5 23. Qh6+ Ke7 24. Qe6+ Kf8 25. Qh6+ Ke7 26. Qe6+ Kf8
27. Qh6+ 1/2-1/2

[Event "32nd Cappelle Open 2016"]
[Site "Cappelle la Grande FRA"]
[Date "2016.02.15"]
[Round "4.1"]
[White "Gopal, G.N."]
[Black "Dragun, Kamil"]
[Result "1/2-1/2"]
[WhiteElo "2522"]
[BlackElo "2584"]
[PlyCount "42"]
[EventDate "2016.02.13"]
[EventType "swiss"]

1. e4 c5 2. Nf3 d6 3. d4 cxd4 4. Nxd4 Nf6 5. Nc3 a6 6. h3 e5 7. Nde2 h5 8. g3
Nbd7 9. Bg5 Be7 10. a4 b6 11. Bg2 Bb7 12. O-O Rc8 13. Qd2 O-O 14. b3 Nc5 15.
Bxf6 Bxf6 16. h4 Ne6 17. Rac1 Re8 18. Rfd1 Nd4 19. Nxd4 exd4 20. Nd5 Bxd5 21.
exd5 a5 1/2-1/2

[Event "32nd Cappelle Open 2016"]
[Site "Cappelle la Grande FRA"]
[Date "2016.02.15"]
[Round "4.2"]
[White "Burmakin, Vladimir"]
[Black "Briet, Antoine"]
[Result "1-0"]
[WhiteElo "2556"]
[BlackElo "2201"]
[PlyCount "139"]
[EventDate "2016.02.13"]
[EventType "swiss"]

1. Nf3 Nf6 2. d4 g6 3. Bf4 d6 4. e3 Nh5 5. Bg5 h6 6. Bh4 g5 7. Nfd2 Ng7 8. Bg3
Nf5 9. Bd3 Nxg3 10. hxg3 Bg7 11. Nc3 c5 12. Ne2 d5 13. c3 Qb6 14. Qb3 c4 15.
Qxb6 axb6 16. Bc2 Nc6 17. e4 e6 18. a3 f5 19. f3 O-O 20. e5 Bd7 21. Nf1 Be8 22.
Ne3 Ne7 23. g4 f4 24. Nf1 Bg6 25. Bxg6 Nxg6 26. Nd2 Kf7 27. Kf2 Ke7 28. g3 Rf7
29. gxf4 Nxf4 30. Nxf4 Rxf4 31. Rh3 b5 32. Rah1 Kd7 33. Nf1 b4 34. axb4 Ra2 35.
Ng3 Rxb2+ 36. Ke3 Rf8 37. Ra1 Kc7 38. Rhh1 Rc2 39. Ra3 Kb6 40. Ne2 Kc7 41. Rha1
Re8 42. Ra8 Rb8 43. R8a2 Rxa2 44. Rxa2 Bf8 45. f4 gxf4+ 46. Nxf4 Kd7 47. Rh2
Bg7 48. Nh5 Rg8 49. Kf4 Bh8 50. Ra2 Rf8+ 51. Kg3 Rf1 52. Ra8 Rc1 53. Rxh8 Rxc3+
54. Kf2 Rd3 55. Rxh6 c3 56. Rh7+ Kc6 57. Nf4 Rxd4 58. Rc7+ Kb6 59. Nxe6 Rxg4
60. Rxc3 Rxb4 61. Rc5 d4 62. Rd5 Kc6 63. Rd6+ Kb5 64. Nxd4+ Kc5 65. Ke3 Rb1 66.
Rd8 Re1+ 67. Ne2 Rh1 68. e6 Rh7 69. Nd4 Rh5 70. Ke4 1-0

[Event "32nd Cappelle Open 2016"]
[Site "Cappelle la Grande FRA"]
[Date "2016.02.15"]
[Round "4.3"]
[White "Nevednichy, Vladislav"]
[Black "Kamsky, Gata"]
[Result "1/2-1/2"]
[WhiteElo "2547"]
[BlackElo "2667"]
[PlyCount "86"]
[EventDate "2016.02.13"]
[EventType "swiss"]

1. e4 c5 2. Nf3 e6 3. d4 cxd4 4. Nxd4 a6 5. Nc3 b5 6. Bd3 Bb7 7. O-O Nc6 8.
Nxc6 Bxc6 9. Re1 Qb8 10. a4 b4 11. Nd5 Bd6 12. h3 Ne7 13. Nxe7 Bxe7 14. Qh5 g6
15. Qe2 h5 16. Bd2 Qb7 17. c3 h4 18. c4 Bc5 19. b3 Rh5 20. Rad1 d6 21. Be3 Qb6
22. Qd2 O-O-O 23. Bc2 a5 24. Re2 Bxe3 25. Rxe3 Qc5 26. Rde1 Rd7 27. Kh1 Kc7 28.
Bd1 Rh8 29. Bf3 Rhd8 30. Rd3 Bb7 31. Kg1 Qe5 32. Qe3 g5 33. Red1 Kc8 34. Kf1
Kc7 35. Kg1 Kc8 36. Kf1 Rc7 37. Kg1 Rc5 38. Rd4 Kc7 39. Qd2 Rd7 40. Qd3 Bc6 41.
Qd2 Bb7 42. Qd3 Bc6 43. Qd2 Qf6 1/2-1/2

[Event "32nd Cappelle Open 2016"]
[Site "Cappelle la Grande FRA"]
[Date "2016.02.15"]
[Round "4.4"]
[White "Berkes, Ferenc"]
[Black "Demuth, Adrien"]
[Result "1/2-1/2"]
[WhiteElo "2649"]
[BlackElo "2544"]
[PlyCount "103"]
[EventDate "2016.02.13"]
[EventType "swiss"]

1. d4 d5 2. Bf4 Nf6 3. e3 e6 4. Nd2 c5 5. c3 Nc6 6. Ngf3 Bd6 7. Bg3 O-O 8. Bd3
b6 9. e4 Be7 10. e5 Nh5 11. a3 a5 12. Qe2 g6 13. O-O f5 14. exf6 Bxf6 15. Qe3
Nxg3 16. hxg3 Qd6 17. Rae1 Bd7 18. Ne5 Bxe5 19. dxe5 Qe7 20. Nf3 c4 21. Bc2 b5
22. Nh2 b4 23. Ng4 Rab8 24. axb4 axb4 25. Ba4 Ra8 26. Ra1 Nb8 27. Bc2 Nc6 28.
Ba4 Nb8 29. Bxd7 Nxd7 30. Ra7 Rxa7 31. Qxa7 bxc3 32. bxc3 Qg5 33. Nh2 Nxe5 34.
f4 Qxg3 35. fxe5 Rxf1+ 36. Nxf1 Qxe5 37. Qa1 h5 38. Qc1 d4 39. cxd4 Qxd4+ 40.
Ne3 c3 41. Kf2 Kh7 42. Ke2 e5 43. Qc2 Kh6 44. Qc1 Kh7 45. Qc2 Kh6 46. Qa2 e4
47. Qc2 Kg5 48. Nd1 Qd3+ 49. Qxd3 exd3+ 50. Kxd3 Kf4 51. Nxc3 Kg3 52. Ne2+
1/2-1/2

[Event "32nd Cappelle Open 2016"]
[Site "Cappelle la Grande FRA"]
[Date "2016.02.15"]
[Round "4.5"]
[White "Kravtsiv, Martyn"]
[Black "Gurevich, Mikhail"]
[Result "1/2-1/2"]
[WhiteElo "2636"]
[BlackElo "2542"]
[PlyCount "52"]
[EventDate "2016.02.13"]
[EventType "swiss"]

1. e4 e6 2. d4 d5 3. Nc3 Nf6 4. e5 Nfd7 5. f4 c5 6. Nf3 Nc6 7. Be3 cxd4 8. Nxd4
Bc5 9. Qd2 Nxd4 10. Bxd4 Bxd4 11. Qxd4 Qb6 12. O-O-O Qxd4 13. Rxd4 Ke7 14. g3
Nb8 15. Rd2 Bd7 16. b3 Nc6 17. Kb2 g5 18. Bg2 Rag8 19. f5 g4 20. Rf1 Rg5 21.
fxe6 fxe6 22. Bxd5 exd5 23. Nxd5+ Ke6 24. Nc7+ Ke7 25. Nd5+ Ke6 26. Nc7+ Kxe5
1/2-1/2

[Event "32nd Cappelle Open 2016"]
[Site "Cappelle la Grande FRA"]
[Date "2016.02.15"]
[Round "4.6"]
[White "Kanarek, Marcel"]
[Black "Bauer, Christian"]
[Result "0-1"]
[WhiteElo "2533"]
[BlackElo "2631"]
[PlyCount "98"]
[EventDate "2016.02.13"]
[EventType "swiss"]

1. d4 Nf6 2. c4 c5 3. d5 b5 4. cxb5 a6 5. bxa6 g6 6. Nc3 Bg7 7. e4 O-O 8. Nf3
Qa5 9. Nd2 Bxa6 10. Bxa6 Qxa6 11. Qe2 e6 12. Nc4 Re8 13. d6 Nc6 14. O-O Nd5 15.
exd5 exd5 16. Ne3 Qxe2 17. Nxe2 d4 18. Nf4 dxe3 19. Bxe3 Bxb2 20. Rab1 Rxa2 21.
Nd5 Re6 22. Bxc5 Bd4 23. Bxd4 Nxd4 24. Nc7 Ree2 25. Rb8+ Kg7 26. Ne8+ Kh6 27.
Nf6 Nf5 28. h4 Nxh4 29. Nxd7 Rad2 30. Rd8 Nf5 31. Nf6 Nxd6 32. Ng4+ Kg7 33. Nh2
Ne4 34. Rxd2 Nxd2 35. Rd1 Ne4 36. f3 Nc3 37. Rc1 Nd5 38. Kf1 Rb2 39. Ng4 h5 40.
Nf2 Nf4 41. Rd1 Ra2 42. g3 Ne2 43. Kg2 Nc3 44. Re1 f5 45. g4 hxg4 46. fxg4 Ne4
47. gxf5 Nxf2 48. Rf1 Ng4+ 49. Kh3 Ne3 0-1

[Event "32nd Cappelle Open 2016"]
[Site "Cappelle la Grande FRA"]
[Date "2016.02.15"]
[Round "4.7"]
[White "Vishnu Prasanna, V."]
[Black "Vovk, Yuri"]
[Result "1/2-1/2"]
[WhiteElo "2526"]
[BlackElo "2620"]
[PlyCount "111"]
[EventDate "2016.02.13"]
[EventType "swiss"]

1. e4 c6 2. d4 d5 3. e5 Bf5 4. h4 h5 5. c4 e6 6. Nc3 Ne7 7. Nge2 Nd7 8. a3 dxc4
9. Ng3 Nb6 10. Bg5 Qd7 11. a4 a5 12. Be2 Bg6 13. O-O Nf5 14. Nxf5 Bxf5 15. Qd2
Be7 16. Rfd1 Bg6 17. Bf3 Nd5 18. Be2 Nb6 19. Bf3 O-O 20. Ne4 Bxe4 21. Bxe4 Nd5
22. g3 b5 23. Bxe7 Qxe7 24. axb5 cxb5 25. Bxd5 exd5 26. Rxa5 Qb7 27. Rda1 Rxa5
28. Qxa5 b4 29. Qc5 Rc8 30. Ra7 Rxc5 31. Rxb7 c3 32. bxc3 bxc3 33. Rb1 Rc4 34.
Rc1 Kh7 35. Kf1 Kg6 36. Ke2 Rxd4 37. Rxc3 Re4+ 38. Kd3 Rxe5 39. Rc5 f6 40. Rc7
Kh6 41. Rc6 Kh7 42. Rd6 Rf5 43. f4 g5 44. fxg5 fxg5 45. Kd4 gxh4 46. gxh4 Rf4+
47. Kxd5 Rxh4 48. Ke5 Rg4 49. Kf5 Rg7 50. Rd4 Rg6 51. Rd7+ Kh6 52. Rd8 Ra6 53.
Rh8+ Kg7 54. Rxh5 Ra5+ 55. Kg4 Rxh5 56. Kxh5 1/2-1/2

[Event "32nd Cappelle Open 2016"]
[Site "Cappelle la Grande FRA"]
[Date "2016.02.15"]
[Round "4.8"]
[White "Lu, Shanglei"]
[Black "Kurajica, Bojan"]
[Result "1-0"]
[WhiteElo "2617"]
[BlackElo "2533"]
[PlyCount "67"]
[EventDate "2016.02.13"]
[EventType "swiss"]

1. e4 d5 2. exd5 Qxd5 3. Nc3 Qd6 4. d4 g6 5. Nf3 Bg7 6. h3 Nf6 7. Bc4 O-O 8.
O-O b6 9. Ne5 Bb7 10. Bf4 Qd8 11. Re1 a6 12. Be2 e6 13. Bf3 Qc8 14. Qe2 Nd5 15.
Nxd5 exd5 16. c4 dxc4 17. Bxb7 Qxb7 18. Qxc4 b5 19. Qc5 a5 20. Qc3 Qd5 21. a3
Ra7 22. Rac1 Rd8 23. Qg3 Rc8 24. Ng4 Nc6 25. Rc5 Qd7 26. d5 Nd4 27. Be5 Re8 28.
Qc3 f5 29. Bxg7 Rxe1+ 30. Qxe1 Qxg7 31. d6 c6 32. Qe8+ Qf8 33. d7 Ra8 34. Re5
1-0

[Event "32nd Cappelle Open 2016"]
[Site "Cappelle la Grande FRA"]
[Date "2016.02.15"]
[Round "4.9"]
[White "Spraggett, Kevin"]
[Black "Gupta, Abhijeet"]
[Result "1/2-1/2"]
[WhiteElo "2522"]
[BlackElo "2613"]
[PlyCount "37"]
[EventDate "2016.02.13"]
[EventType "swiss"]

1. c4 Nf6 2. g3 c6 3. Nf3 g6 4. b3 Bg7 5. Bb2 O-O 6. Bg2 d5 7. O-O Nbd7 8. Qc2
Re8 9. cxd5 cxd5 10. Na3 a6 11. Rac1 e5 12. Qc7 e4 13. Nd4 Qxc7 14. Rxc7 Rd8
15. f3 Ne8 16. Rc2 Nf8 17. fxe4 dxe4 18. e3 Nd6 19. Nc4 1/2-1/2

[Event "32nd Cappelle Open 2016"]
[Site "Cappelle la Grande FRA"]
[Date "2016.02.15"]
[Round "4.10"]
[White "Krasenkow, Michal"]
[Black "Kveinys, Aloyzas"]
[Result "1/2-1/2"]
[WhiteElo "2612"]
[BlackElo "2524"]
[PlyCount "133"]
[EventDate "2016.02.13"]
[EventType "swiss"]

1. d4 Nf6 2. c4 e6 3. Nf3 d5 4. Bg5 h6 5. Bxf6 Qxf6 6. Nbd2 Qe7 7. g3 g6 8. Bg2
Bg7 9. O-O O-O 10. Qb3 Rd8 11. Rfd1 a5 12. Rac1 Na6 13. e4 c6 14. e5 Qb4 15.
Qc2 b6 16. cxd5 cxd5 17. Bf1 a4 18. a3 Qa5 19. Qd3 Bd7 20. Rc2 b5 21. Rdc1 b4
22. h4 bxa3 23. bxa3 Rdc8 24. Rxc8+ Rxc8 25. Rxc8+ Bxc8 26. Qb5 Qxb5 27. Bxb5
Bf8 28. Nb1 Nb8 29. Bxa4 Ba6 30. Ne1 Bc4 31. f4 g5 32. hxg5 hxg5 33. Kf2 gxf4
34. gxf4 f6 35. exf6 Kf7 36. Nf3 Kxf6 37. Ne5 Ba6 38. Ke3 Bd6 39. Bc2 Bb5 40.
a4 Be8 41. Nc3 Bb4 42. Nb5 Ba5 43. Bd1 Ke7 44. Bg4 Nc6 45. Nf3 Bg6 46. Ng5 Bc2
47. Nxe6 Bxa4 48. Nbc7 Nb4 49. f5 Nc2+ 50. Kf4 Nxd4 51. f6+ Kf7 52. Nxd4 Bxc7+
53. Kg5 Bd8 54. Bh5+ Kg8 55. Ne6 Bxf6+ 56. Kxf6 d4 57. Bf7+ Kh8 58. Nxd4 Bd7
59. Nf3 Bc6 60. Ne5 Be4 61. Bb3 Kh7 62. Nf7 Bd3 63. Ng5+ Kh8 64. Bd5 Bc2 65.
Bc4 Bb1 66. Kf7 Ba2 67. Bxa2 1/2-1/2

[Event "32nd Cappelle Open 2016"]
[Site "Cappelle la Grande FRA"]
[Date "2016.02.15"]
[Round "4.11"]
[White "Delorme, Axel"]
[Black "Feller, Sebastien"]
[Result "0-1"]
[WhiteElo "2512"]
[BlackElo "2610"]
[PlyCount "60"]
[EventDate "2016.02.13"]
[EventType "swiss"]

1. d4 d5 2. Nf3 Nf6 3. g3 c6 4. c4 Bf5 5. Nc3 e6 6. Nh4 Be4 7. f3 Bg6 8. Qb3
Qd7 9. c5 Be7 10. Nxg6 hxg6 11. Rb1 b6 12. cxb6 axb6 13. Qxb6 O-O 14. Bf4 Nh5
15. Bd2 c5 16. dxc5 Nc6 17. Qb3 Rfb8 18. Qd1 Bxc5 19. e3 d4 20. exd4 Nxd4 21.
Bc4 Bb6 22. Be3 Qa7 23. Bxd4 Bxd4 24. Nb5 Bf2+ 25. Kf1 Qc5 26. Qb3 Rd8 27. Nc3
Rab8 28. Ne4 Qf5 29. Qc2 Bxg3 30. Nxg3 Qxc2 0-1

[Event "32nd Cappelle Open 2016"]
[Site "Cappelle la Grande FRA"]
[Date "2016.02.15"]
[Round "4.12"]
[White "Neiksans, Arturs"]
[Black "Blomqvist, Erik"]
[Result "1-0"]
[WhiteElo "2607"]
[BlackElo "2515"]
[PlyCount "129"]
[EventDate "2016.02.13"]
[EventType "swiss"]

1. d4 d5 2. c4 c6 3. Nf3 Nf6 4. e3 Bg4 5. Nc3 e6 6. h3 Bh5 7. Qb3 Qb6 8. Ne5
Nfd7 9. Nd3 Qxb3 10. axb3 Bg6 11. c5 Na6 12. Nf4 Nc7 13. b4 a6 14. f3 Be7 15.
e4 Bh4+ 16. Ke2 O-O-O 17. exd5 exd5 18. Be3 Rde8 19. Kd2 Re7 20. Bd3 Bxd3 21.
Kxd3 Rhe8 22. Bd2 g6 23. Rhf1 Nf8 24. g4 Nfe6 25. Ng2 Bf6 26. Be3 Bg7 27. Rae1
Kd7 28. Bf2 f5 29. gxf5 gxf5 30. Be3 Bf6 31. Re2 Rg8 32. Nf4 Nxf4+ 33. Bxf4 Ne6
34. Bd6 Ree8 35. Be5 Bxe5 36. Rxe5 Nf4+ 37. Ke3 Rxe5+ 38. dxe5 Nxh3 39. Ne2 Ng5
40. Rh1 Rg7 41. Rh5 Ne6 42. Rxf5 Ke7 43. Rh5 Rf7 44. Rh1 Kd7 45. f4 Ke7 46. Rh6
d4+ 47. Ke4 d3 48. Kxd3 Nxf4+ 49. Nxf4 Rxf4 50. Rxh7+ Ke6 51. Rxb7 Kxe5 52. Kc3
Rf3+ 53. Kc4 Rf4+ 54. Kb3 Rf3+ 55. Ka4 Kd5 56. Rh7 Rf2 57. Rh5+ Kd4 58. Rh4+
Kd5 59. Ka5 Rxb2 60. Kxa6 Rb1 61. Kb6 Rb2 62. Kc7 Rc2 63. Rh5+ Kc4 64. Kxc6
Kxb4 65. Kb6 1-0

[Event "32nd Cappelle Open 2016"]
[Site "Cappelle la Grande FRA"]
[Date "2016.02.16"]
[Round "5.1"]
[White "Bauer, Christian"]
[Black "Burmakin, Vladimir"]
[Result "1-0"]
[WhiteElo "2631"]
[BlackElo "2556"]
[PlyCount "85"]
[EventDate "2016.02.13"]
[EventType "swiss"]

1. e4 c6 2. Ne2 g6 3. d4 Bg7 4. Nbc3 d6 5. Be3 Qb6 6. Rb1 Nd7 7. f4 Ngf6 8. Qd2
Qc7 9. e5 Nd5 10. Nxd5 cxd5 11. Nc3 Nb6 12. Bd3 O-O 13. b3 f6 14. exd6 Qxd6 15.
O-O f5 16. Kh1 Be6 17. Bf2 a6 18. Rfe1 Bf6 19. a4 Bf7 20. a5 Nc8 21. Re5 Qd8
22. Rxd5 Bxd5 23. Nxd5 e6 24. Nxf6+ Qxf6 25. d5 exd5 26. Be2 Ne7 27. c4 d4 28.
Bf3 Nc6 29. Bd5+ Kg7 30. b4 Rad8 31. b5 axb5 32. Rxb5 Kh6 33. Rxb7 Rb8 34. a6
Rxb7 35. axb7 Rb8 36. Qb2 Qd6 37. h3 d3 38. Kh2 d2 39. Qxd2 Rxb7 40. Bh4 Rb3
41. Bg5+ Kg7 42. Qe1 h6 43. Qe8 1-0